Environmental statistics with S-Plus / (Record no. 328800)

000 -LEADER
fixed length control field 01292cam a22003014a 4500
001 - CONTROL NUMBER
control field 12087389
003 - CONTROL NUMBER IDENTIFIER
control field Nust
005 - DATE AND TIME OF LATEST TRANSACTION
control field 20170417132253.0
008 - FIXED-LENGTH DATA ELEMENTS--GENERAL INFORMATION
fixed length control field 000630s2001 flua b 001 0 eng
010 ## - LIBRARY OF CONGRESS CONTROL NUMBER
LC control number 00058565
020 ## - INTERNATIONAL STANDARD BOOK NUMBER
International Standard Book Number 0849371686 (alk. paper)
040 ## - CATALOGING SOURCE
Original cataloging agency DLC
Transcribing agency DLC
Modifying agency DLC
042 ## - AUTHENTICATION CODE
Authentication code pcc
050 00 - LIBRARY OF CONGRESS CALL NUMBER
Classification number GE45.S73
Item number M55 2001
082 00 - DEWEY DECIMAL CLASSIFICATION NUMBER
Classification number 363.7007 MIL
Edition number 21
100 1# - MAIN ENTRY--PERSONAL NAME
Personal name Millard, Steven P.
245 10 - TITLE STATEMENT
Title Environmental statistics with S-Plus /
Statement of responsibility, etc. Steven P. Millard, Nagaraj K. Neerchal.
246 30 - VARYING FORM OF TITLE
Title proper/short title Environmental statistics
260 ## - PUBLICATION, DISTRIBUTION, ETC.
Place of publication, distribution, etc. Boca Raton :
Name of publisher, distributor, etc. CRC Press,
Date of publication, distribution, etc. c2001.
300 ## - PHYSICAL DESCRIPTION
Extent 830 p. :
Other physical details ill. ;
Dimensions 24 cm.
440 #0 - SERIES STATEMENT/ADDED ENTRY--TITLE
Title Applied environmental statistics
500 ## - GENERAL NOTE
General note H.B
504 ## - BIBLIOGRAPHY, ETC. NOTE
Bibliography, etc. note Includes bibliographical references (p. 779-816) and index.
630 00 - SUBJECT ADDED ENTRY--UNIFORM TITLE
Uniform title S-Plus.
650 #0 - SUBJECT ADDED ENTRY--TOPICAL TERM
Topical term or geographic name entry element Environmental sciences
General subdivision Statistical methods
-- Data processing.
700 1# - ADDED ENTRY--PERSONAL NAME
Personal name Neerchal, Nagaraj K.
856 42 - ELECTRONIC LOCATION AND ACCESS
Materials specified Publisher description
Uniform Resource Identifier <a href="http://www.loc.gov/catdir/enhancements/fy0646/00058565-d.html">http://www.loc.gov/catdir/enhancements/fy0646/00058565-d.html</a>
906 ## - LOCAL DATA ELEMENT F, LDF (RLIN)
a 7
b cbc
c orignew
d 1
e ocip
f 20
g y-gencatlg
942 ## - ADDED ENTRY ELEMENTS (KOHA)
Source of classification or shelving scheme
Koha item type Book
Call number prefix 363.7007 MIL
Holdings
Withdrawn status Lost status Source of classification or shelving scheme Damaged status Not for loan Collection code Permanent Location Current Location Shelving location Date acquired Total Checkouts Full call number Barcode Date last seen Price effective from Koha item type
            Central Library (CL) Central Library (CL) General Stacks 04/17/2017   363.7007 MIL IESE-595 04/17/2017 04/17/2017 Book
© 2023 Central Library, National University of Sciences and Technology. All Rights Reserved.